| 000 | 00843nam a2200229Ia 4500 | ||
|---|---|---|---|
| 001 | 20213 | ||
| 003 | GE_BSU | ||
| 008 | 181216s||||||||xx |||||||||||||| ||und|| | ||
| 040 | _cGE_BSU | ||
| 080 | _a611.013(075.8) | ||
| 100 | _aელისეევი ვ.გ. (რედაქტორი) | ||
| 245 | _aჰისტოლოგია. | ||
| 245 | _cრედ. ელისეევი ვ.გ. აფანასიევა ი.ვ. კოპაევი ი.ნ. იურინა ნ. ა. თარგმანი რუსული გამოცემიდან | ||
| 260 | _aთბილისი | ||
| 260 | _bგანათლება | ||
| 260 | _c1977 | ||
| 300 | _a694გვ. 25სმ. | ||
| 541 | _h6 ლ.80 თ. | ||
| 653 | _aქსეროქსი | ||
| 653 | _aჰისტოლოგია | ||
| 942 | _cBK | ||
| 999 |
_c53174 _d53174 |
||